AH International Schools' Libraries

Vet / (Record no. 48213)

MARC details
000 -LEADER
fixed length control field 00317nam a2200133 4500
020 ## - INTERNATIONAL STANDARD BOOK NUMBER
International Standard Book Number 9781784931537
100 ## - MAIN ENTRY--PERSONAL NAME
Personal name George, Lucy M.
9 (RLIN) 85950
245 ## - TITLE STATEMENT
Title Vet /
Statement of responsibility, etc Lucy M. George
260 ## - PUBLICATION, DISTRIBUTION, ETC. (IMPRINT)
Place of publication, distribution, etc UK
Name of publisher, distributor, etc QED
Date of publication, distribution, etc 2015
300 ## - PHYSICAL DESCRIPTION
Extent unpaged.
Other physical details col. ill.
Dimensions 26 cm.
490 ## - SERIES STATEMENT
Series statement Busy People
650 ## - SUBJECT ADDED ENTRY--TOPICAL TERM
Topical term or geographic name as entry element Vet
9 (RLIN) 85951
942 ## - ADDED ENTRY ELEMENTS (KOHA)
Source of classification or shelving scheme
Koha item type Book
Holdings
Withdrawn status Lost status Source of classification or shelving scheme Damaged status Not for loan Collection code Home library Current library Shelving location Date acquired Total Checkouts Full call number Barcode Date last seen Date checked out Price effective from Koha item type
          TEACHERS' RESOURCES Asian Hope Early Years Library Asian Hope Early Years Library Easy Reading 01/21/2025 2 E GEO 207094 11/28/2025 10/31/2025 01/21/2025 Book

For any Logos Library related questions please contact Miss Art at swongnarasuk@asianhope.org.

For any Asian Hope Library related questions please contact Miss Raza at graza@asianhope.org.

Powered by Koha